| 000 | 00496nam a2200181Ia 4500 | ||
|---|---|---|---|
| 005 | 20250508163110.0 | ||
| 008 | 008 250505s9999 xx 000 0 eng d | ||
| 037 | _aTextual | ||
| 040 |
_aFEDL _beng _cFEDL |
||
| 041 |
_aeng _2eng |
||
| 084 |
_a378, MUR _qFEDL |
||
| 100 | _aMurthy V Rama | ||
| 245 | 0 | _aRestructuring the university | |
| 260 |
_aNew Delhi, India _bSterling Publishers Pvt Ltd _c1977 |
||
| 300 | _a87p. | ||
| 942 |
_cTEXL _h378, MUR |
||
| 999 |
_c1380813 _d1380813 |
||